Architech and patron: a survey of professional relations and practice in England from the sixteenth century to the present day (Record no. 371208)

000 -LEADER
fixed length control field 00439cam a22001337a 4500
008 - FIXED-LENGTH DATA ELEMENTS--GENERAL INFORMATION
fixed length control field 180718b1961 xxu||||| |||| 00| 0 eng d
082 ## - DEWEY DECIMAL CLASSIFICATION NUMBER
Classification number X1x42 J412
100 ## - MAIN ENTRY--PERSONAL NAME
Personal name Jenkins, Frank
245 ## - TITLE STATEMENT
Title Architech and patron: a survey of professional relations and practice in England from the sixteenth century to the present day
Statement of responsibility, etc. by Frank Jenkins
260 ## - PUBLICATION, DISTRIBUTION, ETC.
Place of publication, distribution, etc. London
Name of publisher, distributor, etc. OUP
Date of publication, distribution, etc. 1961
300 ## - PHYSICAL DESCRIPTION
Extent 254p.
500 ## - GENERAL NOTE
General note 35/-
650 ## - SUBJECT ADDED ENTRY--TOPICAL TERM
Topical term or geographic name entry element Architects - U.K.
Holdings
Withdrawn status Lost status Damaged status Not for loan Permanent Location Current Location Date acquired Full call number Barcode Date last seen Price effective from Koha item type
        Indian Institute of Public Administration Indian Institute of Public Administration 1994-06-09 X1x42 J412 30107 2018-07-21 2018-07-21 Book

Powered by Koha